| 000 | 00564nam a2200193Ia 4500 | ||
|---|---|---|---|
| 008 | 131103s9999 xx 000 0 und d | ||
| 040 | _aLoreto College | ||
| 041 | _aEnglish | ||
| 082 |
_a321.8/GAN _bLCLIB(Press)/13116 |
||
| 100 | _aGandhi, M K | ||
| 245 |
_aDemocracy real and deceptive _cM K Gandhi; compiled by R K Prabhu |
||
| 260 |
_aAhmedabad _bNavajivan _c1961 |
||
| 300 |
_aiv,84 p. _c 18 cm. |
||
| 504 | _aIncludes bibliographical references and index | ||
| 650 | _aDemocracy | ||
| 700 | _aPrabhu, R K | ||
| 850 | _aLCLIB/320.8/GAN | ||
| 942 | _cBK | ||
| 999 |
_c24906 _d75385 |
||